000 00927nam a2200313 4500
001 745041
003 DO-SdBNP
005 20180221082203.0
007 745041
008 971128s1992 sp | ||| ||spa
016 7 _a
_2BPMSU
017 _a
_b
020 _a8434815516
035 _a
040 _aBPMSU
_bspa
_cBPMSU
_e
041 1 _aspa
_h
080 0 _a
100 1 _aKorschunow, Irina
240 1 0 _aJaga und der kleine Mann mit der Flöte
_lEspañol
245 1 0 _aYaga y el hombrecillo de la flauta /
_cIrina Korschunow ; ilustraciones de Pablo Echevarría ; traducción del alemán, Lola Romero.
250 _a8ª ed.
260 _aMadrid:
_bSM,
_c1992
300 _a63 p. ;
_bil.:
_c20 cm.
490 1 _aEl barco de vapor. Serie blanca
_v10
830 0 _aEl barco de vapor. Serie blanca
_v10
942 _2ddc
_cBK
945 _aInventariado, 2018 /LP
956 _aVMATEO
_210
_320151125
_6BPMSU
_800151
999 _c8904
_d8904